Rutishauser, Christian M., 1965-. Josef Dov Soloveitchik. - Stuttgart : Kohlhammer. - 2003 [Rezension]

Titel: Rutishauser, Christian M., 1965-. Josef Dov Soloveitchik. - Stuttgart : Kohlhammer. - 2003 [Rezension]
Verfasser:
In: Judaica, Band 60 (2004), Seite 267-268
alle Artikel anzeigen
Veröffentlicht: 2004
Format: Aufsatz
Sprache: Deutsch
Kein Bild verfügbar
X
alg: 39494583
001A    $01999:12-11-16 
001B    $01999:04-08-21 $t21:00:02.000 
001C    $06050:23-02-17 $t16:44:29.000 
001D    $01999:12-11-16 
001U    $0utf8 
001X    $00 
002@    $0Aox 
003@    $0394945832 
007A    $0394945832 $aHEB 
007T    $0Herdd01610 
010@    $ager 
011@    $a2004 
021A    $aRutishauser, Christian M., 1965-. Josef Dov Soloveitchik. - Stuttgart : Kohlhammer. -  2003 [Rezension] 
028A    $aMorgenstern $dMatthias 
031A    $d60 $h267-268 $j2004 
039B    $aIn $8--Abvc--. Judaica. - Zürich : Zürcher Institut für Interreligiösen Dialog (ZIID), 1945-[2018]. - ISSN 0022-572X $x200400000600000733 $9047669764 
039T    $8--Aau--Rutishauser, Christian M.$Z1965- [Tp3]. Josef Dov Soloveitchik. - Stuttgart : Kohlhammer, 2003. - 287 S.. - ISBN 3-17-018220-X $9124010490 
045F    $a900.94793 $eDDC23BSB 
045F/01 $a900 
045F/03 $g4793 
045T    $a7,7 $a1 $a0 
045T    $aJUDAICA $qDE-30 $2FID 

lok: 39494583 78

exp: 39494583 78 1 #EPN
201B/01 $018-11-16 $t13:13:43.000 
201U/01 $0utf8 
203@/01 $0791244415 
208@/01 $a12-11-16 $be 
209A/01 $a/ $f000 $x00 
220C/01 $aTitelaufnehmer: dt 
244Z/01 $2Trx $#Litauen $#Lithuania $#Litwa $#Litva $#Litva $8--Trx--Lietuva $x01 $9391193457 
244Z/01 $2Trx $#arvustused $#recenzijos $#Reviews $#recenziók $#recenzje $#recenzie $#recenze $8--Trx--Rezensionen $x02 $9391357441 
247C/01 $82080>Marburg/Lahn, Herder-Institut, Forschungsbibliothek, Bibliographieportal $9336309341
LEADER 00000caa a22000002c 4500
001 394945832
003 DE-603
005 20210804210002.0
007 tu
008 161112s2004 xx |||| | u00||u|ger c
035 |a (DE-599)HEB394945832 
040 |a DE-603  |b ger  |c DE-603  |d DE-603 
041 |a ger 
082 0 4 |8 1\u  |a 900.94793  |q DE-101  |2 23/BSB 
084 |a 7,7  |a 1  |a 0  |2 ssgn 
084 |a JUDAICA  |q DE-30  |2 fid 
085 |8 1\u  |b 900 
085 |8 1\u  |z 2  |s 4793 
100 1 |a Morgenstern, Matthias 
245 0 0 |a Rutishauser, Christian M., 1965-. Josef Dov Soloveitchik. - Stuttgart : Kohlhammer. - 2003 [Rezension] 
264 0 |c 2004 
773 0 8 |i In  |t Judaica  |d Zürich : Zürcher Institut für Interreligiösen Dialog (ZIID), 1945-[2018]  |x 0022-572X  |g Band 60 (2004), Seite 267-268  |w (DE-603)047669764  |w (DE-600)501373-2 
787 0 8 |i Rezension von  |a Rutishauser, Christian M., 1965-  |t Josef Dov Soloveitchik  |d Stuttgart : Kohlhammer, 2003  |h 287 S., 24 cm  |z 317018220X  |w (DE-603)124010490 
924 0 |9 2080  |a (DE-603)791244415  |b DE-2080  |c HES  |d d  |g /